Pramathesh Barua (Record no. 2693)

MARC details
000 -LEADER
fixed length control field 00462cam a2200193ua 4500
008 - FIXED-LENGTH DATA ELEMENTS--GENERAL INFORMATION
fixed length control field 110912n ii |||gr||||Z||||||asm
020 ## - INTERNATIONAL STANDARD BOOK NUMBER
International Standard Book Number 81-237-0873-4
040 ## - CATALOGING SOURCE
Transcribing agency MAIN
082 ## - DEWEY DECIMAL CLASSIFICATION NUMBER
Classification number 920
100 1# - MAIN ENTRY--PERSONAL NAME
Personal name Talukder, Phani,
Relator term
245 11 - TITLE STATEMENT
Title Pramathesh Barua
Statement of responsibility, etc. by Phani Talukder
250 ## - EDITION STATEMENT
Edition statement 3rd.
260 ## - PUBLICATION, DISTRIBUTION, ETC.
Place of publication, distribution, etc. India:
Name of publisher, distributor, etc. National book trust,998.
300 ## - PHYSICAL DESCRIPTION
Extent 68p:
Dimensions 23cm.
942 ## - ADDED ENTRY ELEMENTS (KOHA)
Koha item type Books
653 ## - INDEX TERM--UNCONTROLLED
Uncontrolled term Biography
653 ## - INDEX TERM--UNCONTROLLED
Uncontrolled term Pramathesh Barua
Holdings
Withdrawn status Lost status Damaged status Not for loan Home library Current library Shelving location Date acquired Total Checkouts Full call number Barcode Date last seen Date last checked out Copy number Price effective from Koha item type
        Central Library, Naharkatiya College Central Library, Naharkatiya College General Stacks 19/09/2020 1 920 | TAL 16734 09/10/2025 27/09/2025 1 19/09/2020 Books

Naharkatiya College © 2020. All rights reserved.

Powered By